000 00489nam a2200169Ia 4500
005 20250508155824.0
008 008 250505s9999 xx 000 0 eng d
037 _aBooks to be hide in OPAC
040 _aFEDL
_beng
_cFEDL
041 _aeng
_2eng
084 _a371.74, SEH/O
_qFEDL
100 _aSehgal J C
_9767565
245 0 _aInvestigation into the recreational interests of adolescents
300 _a32p.
942 _cHB
_h371.74, SEH/O
999 _c1359465
_d1359465